Olympics medal table - Weightlifting - Statistics

General Stats
  • This quiz has been taken 43 times
  • The average score is 12 of 16
Answer Stats
Total Gold Silver Bronze Nation % Correct
18 4 7 7 Russia
98%
62 38 16 8 China
95%
46 16 17 13 United States
95%
20 6 7 7 Germany
83%
15 2 3 10 Japan
83%
62 39 21 2 Soviet Union
83%
15 9 3 3 France
80%
34 6 6 22 Poland
80%
37 12 17 8 Bulgaria
71%
20 9 6 5 Iran
71%
17 5 5 7 Italy
71%
15 3 6 6 South Korea
71%
20 2 9 9 Hungary
61%
15 6 5 4 Greece
59%
15 0 7 8 Indonesia
46%
18 5 8 5 North Korea
44%
No matching quizzes found
Score Distribution
Percent of People with Each Score
Percentile by Number Answered
Your Score History
You have not taken this quiz